| 000 | 00967nam a2200241Ia 4500 | ||
|---|---|---|---|
| 001 | 19095 | ||
| 003 | GE_BSU | ||
| 008 | 181216s||||||||xx |||||||||||||| ||und|| | ||
| 020 | _a9789941032356 | ||
| 040 | _cGE_BSU | ||
| 080 | _a025.321.5 | ||
| 245 | _aელექტრონული რესურსების ბიბლიოგრაფიული აღწერილობა | ||
| 245 | _cშემდგ. ნ. ქავთარაძე. რედ. გ. თაყნიაშვილი | ||
| 260 | _aთბილისი | ||
| 260 | _bსაქ. პარლ.ეროვნ. ბიბ-კა | ||
| 260 | _c2011 | ||
| 300 | _a36გვ. | ||
| 541 | _h2ლ.90თ. | ||
| 653 | _aელექტრონული რესურსების ბიბლიოგრაფიული აღწერილობა | ||
| 653 | _aსაბიბლიოთეკო საქმე | ||
| 653 | _aქსეროქსი | ||
| 942 | _cBK | ||
| 999 |
_c52088 _d52088 |
||